| 000 | 01830nam0a2200313 4500 | ||
|---|---|---|---|
| 001 | RU\NLR\BIBL_A\011409795 | ||
| 005 | 20240921110653.0 | ||
| 010 |
_a9785990977204 _9500 |
||
| 021 |
_aRU _b2017-39366 _92870 |
||
| 035 | _a(RuMoRGB)008901618 | ||
| 035 | _a(NLR Aleph) 011409795 | ||
| 090 |
_a11551356 _c11551356 |
||
| 100 | _a20170619d2017 u y0rusy50 ca | ||
| 101 | 0 |
_aund _arus |
|
| 102 | _aRU | ||
| 105 | _aa|||jzzz000zy | ||
| 200 | 1 |
_aПрименение металлодетекторов при проведении следственных действий _eучебно-практическое пособие _fЕ. А. Киселёв _gСледственный комитет Российской Федерации, Федеральное государственное казенное образовательное учреждение высшего профессионального образования "Московская академия Следственного комитета Российской Федерации" |
|
| 210 |
_aЕкатеринбург _cАльфа Принт _d2017 |
||
| 215 |
_a47 с. _cил. _d20 |
||
| 320 | _aБиблиогр.: с. 38 (11 назв.) | ||
| 606 | 1 |
_aОперативно-розыскные мероприятия _jУчебные издания _xПрименение специальных технических средств _yРоссийская Федерация _92258930 _3RU\NLR\AUTH\661354574 |
|
| 686 |
_aХ629.42с2,07 _2rubbk |
||
| 686 |
_aХ629.372.207.1с2,07 _2rubbk |
||
| 686 | 1 | _aХ629.372с51я7 | |
| 700 | 1 |
_aКиселёв _bЕ. А. _cканд. юрид. наук _gЕвгений Александрович _9175913 _3RU\NLR\AUTH\770175964 |
|
| 942 | _cBOOK | ||
| 980 | _aNBR | ||